Aportes para un crecimento sostenido (Registro nro. 17991)
[ vista simple ]
| 000 -LEADER | |
|---|---|
| fixed length control field | 00332 a2200109 4500 |
| 001 - CONTROL NUMBER | |
| control field | ART_11127 |
| 005 - DATE AND TIME OF LATEST TRANSACTION | |
| control field | 20260410161732.0 |
| 008 - FIXED-LENGTH DATA ELEMENTS--GENERAL INFORMATION | |
| fixed length control field | 260409a |
| 100 1# - MAIN ENTRY--PERSONAL NAME | |
| Personal name | Rodríguez, Roberto Mario |
| 245 10 - TITLE STATEMENT | |
| Title | Aportes para un crecimento sostenido |
| 773 0# - HOST ITEM ENTRY | |
| Title | Ejecutivos de finanzas |
| Related parts | - Año 5, Nº 41 (oct. 1987) |
| Record control number | REV2863 |
No hay ítems disponibles.